000 00484nam a2200205Ia 4500
003 OSt
005 20230607115126.0
008 210423s1964 xx 000 0 und d
040 _cAL
041 _aeng
082 _a340
_223
_bGOVM
245 _aMysore acts for 1962
260 _aBangalore
_bGovernment Of Mysore
_c1964
300 _bPB
365 _cINR
650 _aLaw
_9121366
650 _aSocial Sciences
_9121367
906 _a1962 ; acts ; Mysore
942 _2ddc
_cBK
999 _c175032
_d175032